| 000 | 00896cam a22002652a 4500 | ||
|---|---|---|---|
| 001 | 21998 | ||
| 003 | BD-RjUL | ||
| 005 | 20211209000744.0 | ||
| 008 | 140306r19541910enk 000 0 eng d | ||
| 035 | _a(BD-RjUL)22063 | ||
| 040 |
_aAFU _cAFU _dEQO _dBD-RjUL _beng |
||
| 041 | _aeng | ||
| 082 | 0 | 4 |
_bDAT 1954 _a843 |
| 090 |
_aPQ2216.T4 _bE5 1954 |
||
| 100 | 1 |
_aDaudet, Alphonse, _d1840-1897. _967926 |
|
| 245 | 1 | 0 |
_aTartarin of Tarascon : _bTartarin on the Alps / _cby Alphonse Daudet |
| 260 |
_aLondon ; _bJ. M. Dent & sons, ltd ; _aNew York : _bE. P. Dutton & co., inc, _c1910 [reprinted 1954]. |
||
| 300 |
_axiv p., 230 p. ; _c18 cm. |
||
| 500 | _a"First published in this edition, 1910; reprinted ... 1930, 1954." | ||
| 500 | _a"Introduction by Jean-Pierre Richard." | ||
| 830 | 0 |
_v423 _967937 |
|
| 740 | 0 | _aTartarin on the Alps | |
| 830 | 0 |
_aEveryman's library ; _967938 |
|
| 942 |
_2ddc _cBK |
||
| 999 |
_c21998 _d21998 |
||